000 005160000a22001810004500
003 MACL
005 20160320163042.0
008 160320b xxu||||| |||| 00| 0 eng d
040 _aMACL
_cMACL
041 _aHindi
082 _a100
100 _aस्‍वामी ब्रहोशानन्‍द
_947912
245 _aआनन्‍द की खोज
260 _bअदैत आश्रम
_c2004
_aकोलकाता
350 _a50
650 _aPhilosophy
_947913
942 _cHIN
_k100
_2ddc
999 _c11897
_d11897